Jak dobrze znasz Kamila Stocha - Statystyki

Ogólne statystyki
  • Ten quiz został rozwiązany 260 razy
  • Średni wynik to 12 z 15
Statystyki odpowiedzi
Hint Odpowiedź % Poprawnych
Ile ma lat? (rok 2021) 33
99%
W którym roku odniósł swoje pierwsze zwycięstwo? 2011
95%
Ile razy wygrał Turniej Czterech Skoczni? 3
94%
W którym sezonie wygrał swój pierwszy Puchar Świata? 2013/2014
92%
W którym sezonie wygrał swój drugi Puchar Świata? 2017/2018
92%
Jaki jest jego rekord życiowy w długości lotu? 251,5
88%
Gdzie ustanowił rekord Polski w długości lotu? Planica
87%
Gdzie się urodził? Zakopane
87%
Gdzie obecnie mieszka? Ząb
84%
Gdzie zadebiutował w Pucharze Świata? Zakopane
84%
Ile ma zwycięstw w Pucharze Świata? 39
83%
Jak nazywa się jego żona? Ewa
82%
Kamil to dwukrotny złoty medalista olimpijski z... Soczi
81%
W jakim klubie skacze? KS Eve-nement Zakopane
56%
Jak ma na drugie imię? Wiktor
44%
Nie znaleziono quizów pasujących do podanych kryteriów
Rozkład punktacji
Procent ludzi z każdym wynikiem
Percentyl według liczby udzielonych odpowiedzi
Twoja historia wyników
Nie rozwiązałeś tego quizu